II. Erzsébet királynő két napja Szlovákia első alkalommal látta vendégül a brit uralkodót

Bibliographic Details
Format: Article
Language:Hungarian
PhysicalDescription:Fotogr.
ISSN:1335-6631
Subjects:

MARC

LEADER 00000nab a2200000 ar4500
001 vtls009355506
003 SK-MaSNL
005 20260318122449.0
008 081030c2008 xo |||||||| 000 b|hun
015 |a SNBRB2008/10  |2 snkbucl 
038 |a SNKBUCL 
040 |a DSZK  |b slo  |c DSZK  |e AACR2 
041 0 |a hun 
044 |a xo  |c SK 
080 |a 929.731-055.2  |x (410)  |2 2001 
080 |a 394.9  |x (410)  |x (437.6)  |2 2001 
245 0 0 |a II. Erzsébet királynő két napja  |b Szlovákia első alkalommal látta vendégül a brit uralkodót  |c [szerző] (fma) 
246 3 |a Második Erzsébet királynő két napja 
300 |b Fotogr. 
600 0 7 |a Alžbeta  |b II.,  |c britská kráľovná,  |d 1926-2022  |2 snkbucl  |9 86461 
648 7 |a 2008  |2 SNK  |9 317238 
651 7 |a Slovensko  |2 SNKPHgeo  |9 14231 
773 0 |t Szabad újság  |g Évf. XVI, sz. 44 (2008), o. 2  |x 1335-6631 
852 |a SNK  |b KIS3GCP 
852 |a DSZK  |b KIS3GCP 
958 |a HU 
958 |a SK 
958 |a GB 
999 |c 3116385  |d 3118315